Statistics for 100 Professions With Hints

Click here to take the quiz!

General Stats

  • This quiz has been taken 52 times
  • The average score is 56 of 100

Answer Stats

#HintProfession% Correct
4Goes to the spaceAstronaut
98%
9Teaches in schoolTeacher
98%
1Works in the kitchenCook
95%
12Designs the construction of buildingsArchitect
93%
6Drives a cabCab driver
93%
13The main person responsible for the production of the filmDirector
93%
5Repairs carsMechanic
93%
10Collects minerals from the undergroundMiner
93%
16At the controls of the planePilot
93%
2His aim is to enforce the law and ensure safetyPoliceman
93%
28Plays an assigned role in film, theater, etc.Actor
90%
24Makes bread, rolls and other products of this typeBaker
90%
42Heals teethDentist
90%
29Heals peopleDoctor
90%
14Does hair stylingHairdresser
90%
20Conducts court casesJudge
90%
23Fights in the warSoldier
90%
35Puts out firesFireman
88%
53Delivers lettersMailman
88%
52FishesFisherman
85%
69Takes care of patients in the hospitalNurse
85%
46Creates poemsPoet
85%
65Sings songsSinger
85%
31Provides customer service in the restaurantWaiter
85%
61Collects garbageGarbageman
83%
47Changes the locks on the doorsLocksmith
83%
3Tills the soilFarmer
80%
39Watches over the safety of people bathing in the pool, by the sea, lake, etc.Lifeguard
80%
48Looks after the children at the request of their parentsNanny
80%
81PaintsPainter
80%
80Takes picturesPhotographer
80%
36Head of most republics in the worldPresident
80%
8Treats animalsVet
80%
88At the head of the cities or townsMayor
78%
75Provides legal assistance, drafts legal contracts, and represents the accused at court hearingsLawyer
73%
70Shows people tricks that cause surprise and are seemingly against the laws of physicsMagician
73%
30Processes the meat to make it edibleButcher
70%
19Thanks to them, the playing of the live orchestra is coherent and harmoniousConductor
70%
7Helps in making financial decisionsAccountant / Financial adviser
68%
18Does woodworkingCarpenter
68%
22Says massesPriest
68%
26Employed to ensure security in a given placeSecurity Guard
68%
92Drives a bus, truck, etc.Driver
65%
50Takes care of the plants on the propertyGardener
65%
37Deals with water installationsPlumber
65%
11Has a seat in House of R_________Representative
65%
82Creates sculpturesSculptor
65%
43Plays funny story scenes in front of the audienceComedian
63%
34Cleans and has keys to all offices of the facilityJanitor
63%
51Leads a herd/flock etc. of animals to grazeShepherd
63%
60Breeds beesBeekeeper
60%
95Distributes and sells medicines and drugsPharmacist
60%
55Deals with deepening knowledge in a specific field of scienceScientist
60%
57Transcribes texts from one language to anotherTranslator
60%
21Guides tourists around a locationGuide
58%
90Sews clothesSewer / Tailor
55%
45Creates mapsCartographer
53%
85Does underwater workDiver
53%
15Craftsman who makes shoesShoemaker
53%
97Styles men's facial hairBarber
50%
56Helps people with problems regarding their way of thinking and behavingPsychologist
50%
100Digs gravesGravedigger
48%
64An ambulance crew member who provides aidParamedic
48%
58Cuts and welds metals and their alloysWelder
48%
38Delivers ordered foodDeliverer
40%
89Evaluates and adjusts the nutritional program to individual needsDietician
40%
25Checks tickets in public transport vehiclesTicket inspector
40%
79Uses available tools, both digital and physical, to create graphicsGraphic designer
38%
83Can work in e.g. prison or on a country's border.Guard
38%
27Forges tools and other metal objectsSmith
38%
62Sits behind the cash register in a bank, shop or facility that requires a ticket to enterCashier
35%
44Does sportsSportsman
35%
94Catches stray animals and sends them to e.g. a poundDogcatcher
33%
17Prepares and distributes pieces of informationJournalist
33%
40Deals with facial, hand and foot care treatments, as well as their beautificationBeautician
30%
67At the controls of the trainEngineer
30%
73Mediates in purchase and sale transactions on the stock marketBroker
28%
91Represents the country abroadDiplomat
28%
96Streams online on e.g. Twitch or YouTubeStreamer
28%
63Climbs high mountain peaks with prior preparationClimber
25%
33Clears ventilation, chimney and exhaust ductsSweep
25%
54Makes musicComposer
20%
71Oversees the games played in casinosCroupier
20%
77Makes a weather forecastWeather forecaster
18%
66Works in excavationsArcheologist
15%
74A judicial officer who makes sure that a debtor pays a debt to a creditorBailiff
15%
99Offers treatments that improve physical fitness and relieve painPhysiotherapist
15%
59Reares up buildingsBuilder
13%
41Writes computer programsDeveloper
13%
93The main person responsible for the forestForester
13%
72Stores goods in a specially designated placeWarehouseman
13%
32Cuts down treesWoodsman
13%
68Governs to a greater or lesser extent, makes decisions related to the development of a given area (or strives for such a possibility)Politician
10%
87Works in public administration; exercises public authority on behalf of a given bodyOfficial
8%
98Allows to check in at the airport; The name comes from the type of tax they collectCustoms officer
5%
76Helps to keep the ship in good condition and to load and unload goodsSailor
5%
86Trained to counteract the most dangerous crimes - the name of the profession comes from one of themCounter-terrorist
3%
78Reads texts in radio programs aloudLector
3%
49Supervises the technical condition of vehicles and buildingsRepairman
3%
84Demines areaSapper
3%

Score Distribution

Percentile by Number Answered

Percent of People with Each Score

Your Score History

You have not taken this quiz